| 000 | 00562cam a2200217 i 4500 | ||
|---|---|---|---|
| 001 | 4570717 | ||
| 005 | 20180228035659.0 | ||
| 008 | 750311s1976 nyua 001 0 eng | ||
| 010 | _a 74033102 | ||
| 020 | _a0024180106 | ||
| 040 |
_aDLC _cDLC _dDLC |
||
| 041 | _aeng | ||
| 060 | _aQD258 S915i | ||
| 080 | _a547 AND | ||
| 082 | 0 | 0 | _a547 AND |
| 100 | 1 | _a12 | |
| 101 | _aKIM | ||
| 245 | 1 | 0 |
_aIntroduction to organic chemistry / _cAndrew Streitwieser, Jr., Clayton H. Heathcock. |
| 906 |
_a7 _bcbc _corignew _d1 _eocip _f19 _gy-gencatlg |
||
| 942 |
_2ddc _cBK |
||
| 999 |
_c43684 _d43684 |
||